000 00401nam a2200169 4500
020 _a9789359626499
082 _aM3
_bJIS/A
100 _aJisa Jose
245 _aAnandabharam/
_cby Jisa Jose
250 _a4th ed.
260 _aKozhikkode:
_bMathrubhumi books,
_c2024.
300 _a279p.
650 _aEssays Malayalam
650 _aLiterature Malayalam
650 _aLiterature
942 _cBK
999 _c181888
_d181888